000 01085nas a2200313 4500
001 BR2012002680
003 BR-BrBNA
005 20231205120437.0
007 ta
008 230509b bl.|||p| |||| 00| 00por d
040 _aBR-BrBNA
_bpor
_cBiblioteca Nacional de Agricultura
041 _a(En)
072 _aL72
100 1 _aBerto, B.P.
100 1 _aLuz, H.R.
100 1 _aFlausino, W.
100 1 _aTeixeira-Filho, W.L.
100 1 _aFerreira, I.
100 1 _aLopes, C.W.G.
245 1 _aIsosporoid Coccidia (Apicomplexa: Eimeriidae)parasites of Tanagers (Passeriformes: Thraupidae)from the Marambaia Island, Brazil
246 1 _aIsosporoid Coccidia (Apicomplexa: Eimeriidae)parasites of Tanagers (Passeriformes: Thraupidae)from the Marambaia Island, Brazil
650 _aAVE SELVAGEM
650 _aPRAGA DE ANIMAL
650 _aCOCCIDIOSE
650 _aDIAGNÓSTICO
773 0 _tPesquisa Veterinária Brasileira (Brazil)
_xISSN 0100-736X
_g(Sep 2011), v. 31(9) p. 798-805
_wBR2012002680
909 _a202311
_bLúcia
_c55
_dLúcia Elande
942 _2AGRIS
_n0
_cANA
999 _c218520
_d218520